How to train your dragon les personnages - Statistiques

Statistiques générales
  • Ce quiz a été pris 112 fois
    84 depuis la dernière actualisation
  • Le résultat moyen est 20 sur 50
Statistiques - réponses
Par images Réponse % Correct
Harold
100%
Astrid
96%
Icebeast de Valka
82%
Kranedur
82%
Valka
82%
Krokmou
80%
Tempête
80%
Varek
80%
Rustik
73%
Furie éclair
71%
Kognedur
71%
Drago
67%
Icebeast de Drago
67%
Prout et Pète
67%
Eret
60%
Krochefer
60%
Gueulfor
56%
Bouledogre
55%
Ingrid
53%
Dagur
51%
Stoïck la brute
47%
Grimmel
44%
Jumper
42%
Mastok
40%
Mort Rouge
40%
Alvin
27%
Mala
27%
Sonovent
25%
Krogan
22%
Têtedur
22%
Sauvage
20%
Viggo grimborn
20%
Cranecrusher
18%
Ombre Tueur
18%
Grump
16%
Gothik
15%
Grand Protecteur
15%
Ryker
15%
Sven
15%
Trok
13%
Nathalie
9%
Zéphyr
9%
Garfenyard
5%
Minden
5%
Edvald
4%
Nadia
4%
Thornado
4%
Cassedur
2%
Noctéclair
0%
Sleuther
0%
Aucun quiz correspondant
Distribution des résultats
% des personnes avec chaque résultat
Percentile par nombre de réponses
Votre historique - résultats
Vous n’avez pas pris ce quiz depuis la dernière actualisation